[Event "CZE-ch U12"]
[Site "Kouty nad Desnou"]
[Date "2009.03.12"]
[Round "7"]
[White "Vyhnalek, Lukas"]
[Black "Miculka, David"]
[Result "1/2-1/2"]
[WhiteElo "1718"]
[BlackElo "1879"]
[PlyCount "81"]
[EventDate "2009.03.07"]
[EventType "swiss"]
[EventRounds "9"]
[EventCountry "CZE"]
[SourceTitle "EXT 2011"]
[Source "ChessBase"]
[SourceDate "2010.11.26"]
[SourceVersion "1"]
[SourceVersionDate "2010.11.26"]
[SourceQuality "1"]

1. e4 c5 2. Nf3 Nc6 3. d4 cxd4 4. Nxd4 Nf6 5. Nc3 e5 6. Ndb5 d6 7. Bg5 a6 8. Na3 b5 9. Nd5 Be7 10. Bxf6 Bxf6 11. c3 0-0 12. Nc2 Rb8 13. g3 Bg5 14. h4 Bh6 15. Bg2 Be6 16. 0-0 Ne7 17. Nxe7+ Qxe7 18. Nb4 Rb6 19. Nd5 Bxd5 20. Qxd5 Qb7 21. Rfd1 Rd8 22. Qxe5 Qc7 23. Qd5 Re8 24. Rd3 b4 25. cxb4 Rxb4 26. Qxd6 Qxd6 27. Rxd6 Rxb2 28. Rxa6 Rd8 29. a4 g6 30. Rf1 Rdd2 31. Bh1 Rb3 32. Bg2 Rbb2 33. Bh3 Re2 34. Bg2 Be3 35. Rf6 Bd4 36. Rf4 Ra2 37. e5 Bxe5 38. Re4 Rxe4 39. Bxe4 Rxa4 40. Re1 Kg7 41. Kg2 1/2-1/2

[Event "CZE-ch U12"]
[Site "Kouty nad Desnou"]
[Date "2009.03.07"]
[Round "1"]
[White "Vyhnalek, Lukas"]
[Black "Abelyan, Murad"]
[Result "0-1"]
[WhiteElo "1718"]
[BlackElo "1709"]
[PlyCount "28"]
[EventDate "2009.03.07"]
[EventType "swiss"]
[EventRounds "9"]
[EventCountry "CZE"]
[SourceTitle "EXT 2011"]
[Source "ChessBase"]
[SourceDate "2010.11.26"]
[SourceVersion "1"]
[SourceVersionDate "2010.11.26"]
[SourceQuality "1"]

1. e4 e5 2. Nf3 Nc6 3. Bc4 Bc5 4. c3 Nf6 5. d4 exd4 6. cxd4 Bb4+ 7. Bd2 Bxd2+ 8. Nbxd2 d5 9. exd5 Nxd5 10. 0-0 0-0 11. h3 Nf4 12. Nb3 Qf6 13. Qd2 Nxh3+ 14. gxh3 Qg6+ 0-1

[Event "CZE-chT2E 0809"]
[Site "Czech Republic"]
[Date "2008.12.21"]
[Round "5.7"]
[White "Vyhnalek, Lukas"]
[Black "Pochyly, Bronislav"]
[Result "0-1"]
[WhiteElo "1842"]
[BlackElo "1957"]
[PlyCount "36"]
[EventDate "2008.10.12"]
[EventType "team-tourn"]
[EventRounds "11"]
[EventCountry "CZE"]
[SourceTitle "EXT 2010"]
[Source "ChessBase"]
[SourceDate "2010.11.25"]
[SourceVersion "1"]
[SourceVersionDate "2010.11.25"]
[SourceQuality "1"]
[WhiteTeam "Litovel II"]
[BlackTeam "Postorna"]
[WhiteTeamCountry "CZE"]
[BlackTeamCountry "CZE"]

1. e4 c5 2. Nf3 Nc6 3. d4 cxd4 4. Nxd4 e5 5. Nb5 a6 6. Nd6+ Bxd6 7. Qxd6 Qf6 8. Qd1 Qg6 9. Nc3 Nge7 10. Be3 d5 11. Nxd5 Nxd5 12. exd5 Nb4 13. Rc1 Nxa2 14. Rb1 Nb4 15. c3 Nc2+ 16. Kd2 Nxe3 17. fxe3 0-0 18. Qf3 Qxb1 0-1

[Event "CZE-ch U12"]
[Site "Sec u Chrudimi"]
[Date "2008.03.12"]
[Round "6"]
[White "Vyhnalek, Lukas"]
[Black "Szotkowski, Jakub"]
[Result "1-0"]
[WhiteElo "1757"]
[BlackElo "1511"]
[PlyCount "119"]
[EventDate "2008.03.08"]
[EventType "swiss"]
[EventRounds "9"]
[EventCountry "CZE"]
[SourceTitle "EXT 2009"]
[Source "ChessBase"]
[SourceDate "2008.11.26"]
[SourceVersion "1"]
[SourceVersionDate "2008.11.26"]
[SourceQuality "1"]

1. e4 e6 2. d4 d5 3. Nc3 Nf6 4. Bg5 Be7 5. e5 Nfd7 6. h4 Bxg5 7. hxg5 Qxg5 8. Qd3 h6 9. Nh3 Qd8 10. Qg3 g6 11. 0-0-0 a6 12. Rd3 Qe7 13. Rf3 Rf8 14. Nf4 h5 15. Qh3 c5 16. dxc5 Nxe5 17. Re3 Ng4 18. Nfxd5 Qxc5 19. Na4 Qxd5 20. Nb6 Qxa2 21. Ra3 Nxf2 22. Rxa2 Nxh3 23. Rxh3 e5 24. Nxc8 Kd8 25. Nd6 Kc7 26. Nc4 Nc6 27. Rc3 f6 28. Bd3 g5 29. Na5 Ra7 30. Nxc6 bxc6 31. Rxa6 Rxa6 32. Bxa6 Kb6 33. Be2 g4 34. Kd2 f5 35. Ke3 c5 36. Rd3 Kc6 37. Ra3 Rb8 38. b3 Kd5 39. Bc4+ Kc6 40. Ra6+ Rb6 41. Rxb6+ Kxb6 42. Be6 f4+ 43. Ke4 Kb5 44. Kxe5 f3 45. gxf3 gxf3 46. Kf4 f2 47. Bc4+ Kb4 48. Kf3 Kc3 49. Kxf2 Kxc2 50. Kg3 Kc3 51. Kh4 Kd4 52. Kxh5 Ke4 53. Kg4 Ke5 54. Kg5 Ke4 55. Kf6 Kd4 56. Ke6 Kc3 57. Kd6 Kb4 58. Kc6 Ka5 59. Kb7 Kb4 60. Kb6 1-0

[Event "CZE-ch U12"]
[Site "Sec u Chrudimi"]
[Date "2008.03.08"]
[Round "1"]
[White "Mikes, Jan"]
[Black "Vyhnalek, Lukas"]
[Result "1-0"]
[WhiteElo "1582"]
[BlackElo "1811"]
[PlyCount "65"]
[EventDate "2008.03.08"]
[EventType "swiss"]
[EventRounds "9"]
[EventCountry "CZE"]
[SourceTitle "EXT 2009"]
[Source "ChessBase"]
[SourceDate "2008.11.26"]
[SourceVersion "1"]
[SourceVersionDate "2008.11.26"]
[SourceQuality "1"]

1. e4 e5 2. Nf3 Nf6 3. Nxe5 d6 4. Nf3 Nxe4 5. Nc3 Nxc3 6. dxc3 Bg4 7. Be2 Be7 8. Be3 0-0 9. a3 Bh5 10. Qd2 Bg6 11. 0-0-0 a5 12. b4 Qd7 13. Nd4 Nc6 14. Bb5 Qc8 15. Nxc6 bxc6 16. Bxc6 Ra6 17. Qd5 Qb8 18. Qc4 Qc8 19. Qb5 Rb6 20. Bxb6 cxb6 21. Qxb6 Qe6 22. Rhe1 Bg5+ 23. Kb1 Qf6 24. Re2 d5 25. Rxd5 Rc8 26. Qc7 Rf8 27. Rxa5 h5 28. Ra8 Rxa8 29. Bxa8 Qa6 30. Qb8+ Kh7 31. Qe8 f6 32. Be4 Bxe4 33. Qxe4+ 1-0

[Event "CZE-ch U10"]
[Site "Sec u Chrudimi"]
[Date "2007.03.13"]
[Round "5"]
[White "Vyhnalek, Lukas"]
[Black "Homola, Jan"]
[Result "0-1"]
[WhiteElo "1500"]
[BlackElo "1440"]
[PlyCount "80"]
[EventDate "2007.03.10"]
[EventType "swiss"]
[EventRounds "9"]
[EventCountry "CZE"]
[SourceTitle "EXT 2008"]
[Source "ChessBase"]
[SourceDate "2007.11.25"]
[SourceVersion "1"]
[SourceVersionDate "2007.11.25"]
[SourceQuality "1"]

1. Nf3 d5 2. d4 Nf6 3. c4 dxc4 4. e3 Bg4 5. Qa4+ Nc6 6. Ne5 Bd7 7. Nxd7 Qxd7 8. Bxc4 e6 9. 0-0 Bd6 10. Nc3 0-0 11. Bb5 a6 12. Bxc6 Qxc6 13. Qxc6 bxc6 14. e4 Bb4 15. f3 c5 16. d5 exd5 17. e5 Bxc3 18. exf6 Bxf6 19. Rd1 c6 20. Rb1 Rab8 21. b3 Rfe8 22. Bf4 Rbd8 23. Bc7 Rd7 24. Bb6 Bd4+ 25. Kf1 Rb7 26. Ba5 Rbe7 27. b4 Re2 28. bxc5 Bxc5 29. Rbc1 Ba7 30. a3 Rf2+ 31. Kg1 Rxf3+ 32. Kh1 Rxa3 33. Re1 Rxe1+ 34. Rxe1 h6 35. Re7 Rxa5 36. h3 Ra1+ 37. Kh2 Bg1+ 38. Kg3 Ra3+ 39. Kf4 a5 40. Re8+ Kh7 0-1

[Event "CZE-ch U10"]
[Site "Sec u Chrudimi"]
[Date "2007.03.11"]
[Round "2"]
[White "Vyhnalek, Lukas"]
[Black "Svoboda, Matej"]
[Result "0-1"]
[WhiteElo "1500"]
[BlackElo "1430"]
[PlyCount "68"]
[EventDate "2007.03.10"]
[EventType "swiss"]
[EventRounds "9"]
[EventCountry "CZE"]
[SourceTitle "EXT 2008"]
[Source "ChessBase"]
[SourceDate "2007.11.25"]
[SourceVersion "1"]
[SourceVersionDate "2007.11.25"]
[SourceQuality "1"]

1. e4 c5 2. d4 cxd4 3. c3 d3 4. Bxd3 Nc6 5. Nf3 Nf6 6. Bf4 d6 7. 0-0 e6 8. Nbd2 Be7 9. Re1 0-0 10. Nc4 b5 11. Ne3 a6 12. Nd4 Qb6 13. Nxc6 Qxc6 14. Qf3 Bb7 15. Ng4 Rfd8 16. Nxf6+ Bxf6 17. Bh6 Bxc3 18. bxc3 gxh6 19. Qf6 Rac8 20. Re3 Qxc3 21. Rg3+ Kf8 22. Qxh6+ Ke7 23. Qh4+ Qf6 24. Qxf6+ Kxf6 25. Rf3+ Ke7 26. Rh3 Rc3 27. Rd1 Rdc8 28. Rxh7 Rxd3 29. Rf1 Bxe4 30. h4 Bxh7 31. g3 Rdc3 32. g4 Rc1 33. g5 Rxf1+ 34. Kxf1 f6 0-1

[Event "CZE-ch U10"]
[Site "Sec u Chrudimi"]
[Date "2007.03.10"]
[Round "1"]
[White "Petr, Jan"]
[Black "Vyhnalek, Lukas"]
[Result "1-0"]
[WhiteElo "1250"]
[BlackElo "1500"]
[PlyCount "85"]
[EventDate "2007.03.10"]
[EventType "swiss"]
[EventRounds "9"]
[EventCountry "CZE"]
[SourceTitle "EXT 2008"]
[Source "ChessBase"]
[SourceDate "2007.11.25"]
[SourceVersion "1"]
[SourceVersionDate "2007.11.25"]
[SourceQuality "1"]

1. e4 e5 2. f4 Bc5 3. Nf3 Nf6 4. Nc3 d6 5. Bc4 0-0 6. f5 b6 7. d3 a5 8. a3 Bb7 9. Bg5 h6 10. Bh4 Nbd7 11. Nd5 Bxd5 12. Bxd5 Rc8 13. c3 c6 14. Ba2 b5 15. d4 exd4 16. cxd4 Bb6 17. 0-0 Re8 18. Re1 Ne5 19. Kh1 Nxf3 20. gxf3 d5 21. e5 g5 22. fxg6 Ng4 23. gxf7+ Kxf7 24. Bxd8 Nf2+ 25. Kg2 Nxd1 26. Raxd1 Rcxd8 27. f4 Ke6 28. Kf3 Rf8 29. Rg1 Rg8 30. Rxg8 Rxg8 31. Bb1 Rf8 32. f5+ Ke7 33. f6+ Ke6 34. Kf4 Rg8 35. Bf5+ Kf7 36. Bg4 Bd8 37. Kf5 Rg5+ 38. Kf4 Kg6 39. h4 Rxg4+ 40. Kxg4 h5+ 41. Kf4 Bxf6 42. exf6 Kxf6 43. Re1 1-0

[Event "CZE-ch U10"]
[Site "Zlate Hory"]
[Date "2006.03.18"]
[Round "9"]
[White "Novotny, Richard"]
[Black "Vyhnalek, Lukas"]
[Result "0-1"]
[WhiteElo "1250"]
[BlackElo "1481"]
[PlyCount "120"]
[EventDate "2006.03.11"]
[EventType "swiss"]
[EventRounds "9"]
[EventCountry "CZE"]
[SourceTitle "EXT 2008"]
[Source "ChessBase"]
[SourceDate "2007.11.25"]
[SourceVersion "1"]
[SourceVersionDate "2007.11.25"]
[SourceQuality "1"]

1. e4 e5 2. Nf3 Nf6 3. Nc3 Nc6 4. Bb5 Bb4 5. 0-0 0-0 6. Re1 Re8 7. a3 Bc5 8. d3 Ng4 9. Re2 a6 10. Ba4 b5 11. Bb3 Nd4 12. Nxd4 Bxd4 13. h3 Nf6 14. Bg5 d6 15. Rb1 Kh8 16. Nd5 Rg8 17. Nxf6 gxf6 18. Bh4 Bxh3 19. Bg3 Bg4 20. Bxf7 Bxe2 21. Qxe2 Rxg3 22. Qh5 Rg7 23. Be6 Qe8 24. Qh3 Qg6 25. Bf5 Qg5 26. c3 Bb6 27. Rf1 Qg3 28. Qxg3 Rxg3 29. Kh1 Rxd3 30. g4 Rd2 31. Kg2 Rxb2 32. Kg3 Rb3 33. Rh1 Rxc3+ 34. f3 Rf8 35. Rxh7+ Kg8 36. Kh4 Rc1 37. Rd7 Rh1+ 38. Kg3 a5 39. g5 Rg1+ 40. Kh4 Rxg5 41. Bh7+ Kh8 42. Bf5 Rg7 43. Rxg7 Kxg7 44. Kg3 b4 45. Be6 c5 46. Bc4 Rb8 47. Kf2 Bc7 48. Ke3 b3 49. Bd3 b2 50. Bb1 c4 51. Kd2 Rb3 52. Kc2 a4 53. Ba2 Rxa3 54. Kxb2 Rxf3 55. Bxc4 Rf4 56. Bd3 Bb6 57. Ka3 Rf3 58. Kxa4 Rxd3 59. Kb4 Ba5+ 60. Kc4 Rd4+ 0-1

[Event "CZE-ch U10"]
[Site "Zlate Hory"]
[Date "2006.03.17"]
[Round "8"]
[White "Vyhnalek, Lukas"]
[Black "Pavelek, Tomas"]
[Result "0-1"]
[WhiteElo "1481"]
[BlackElo "1553"]
[PlyCount "132"]
[EventDate "2006.03.11"]
[EventType "swiss"]
[EventRounds "9"]
[EventCountry "CZE"]
[SourceTitle "EXT 2008"]
[Source "ChessBase"]
[SourceDate "2007.11.25"]
[SourceVersion "1"]
[SourceVersionDate "2007.11.25"]
[SourceQuality "1"]

1. Nf3 d5 2. d4 Nf6 3. c3 Bg4 4. Ne5 e6 5. Bg5 Be7 6. Bxf6 Bxf6 7. Nxg4 Bg5 8. Nd2 Nd7 9. Nf3 h5 10. Nge5 Nxe5 11. Nxe5 Be7 12. e3 c6 13. Qc2 Qc7 14. Be2 Bd6 15. Qb3 a6 16. Rc1 a5 17. a4 Rb8 18. c4 Bb4+ 19. Kd1 0-0 20. c5 b6 21. Nd3 bxc5 22. Qc2 c4 23. Nxb4 axb4 24. Bxh5 b3 25. Qc3 Ra8 26. Ra1 Ra6 27. Ra3 Rfa8 28. Qb4 Rb8 29. Qc3 Qa7 30. Kd2 Rxa4 31. Rxa4 Qxa4 32. Be2 Ra8 33. h4 Kh7 34. h5 Rh8 35. g4 Kg8 36. g5 g6 37. Bf3 Kg7 38. hxg6 Rxh1 39. Bxh1 fxg6 40. e4 Qa2 41. Bg2 Qb1 42. f3 Qg1 43. Qe3 Qxg2+ 44. Kc3 Qc2+ 45. Kb4 Qxb2 46. exd5 cxd5 47. Qxe6 Qxd4 48. Qe7+ Kh8 49. Qf8+ Kh7 50. Qh6+ Kg8 51. Qxg6+ Qg7 52. Qe6+ Qf7 53. Qc8+ Qf8+ 54. Qxf8+ Kxf8 55. Kc3 Kg7 56. f4 Kg6 57. Kb2 d4 58. Kc1 d3 59. Kd1 c3 60. Kc1 d2+ 61. Kd1 b2 62. Kc2 b1Q+ 63. Kxb1 d1Q+ 64. Ka2 Qa4+ 65. Kb1 Qb3+ 66. Kc1 Qb2+ 0-1

[Event "CZE-ch U10"]
[Site "Zlate Hory"]
[Date "2006.03.13"]
[Round "3"]
[White "Vyhnalek, Lukas"]
[Black "Miculka, David"]
[Result "1-0"]
[WhiteElo "1481"]
[BlackElo "1250"]
[PlyCount "81"]
[EventDate "2006.03.11"]
[EventType "swiss"]
[EventRounds "9"]
[EventCountry "CZE"]
[SourceTitle "EXT 2008"]
[Source "ChessBase"]
[SourceDate "2007.11.25"]
[SourceVersion "1"]
[SourceVersionDate "2007.11.25"]
[SourceQuality "1"]

1. Nf3 Nf6 2. c4 g6 3. g3 Bg7 4. Bg2 0-0 5. 0-0 d6 6. Nc3 c6 7. d4 Na6 8. Bf4 Nc7 9. Qd2 Re8 10. Rfe1 Nh5 11. Bh6 Bd7 12. Bxg7 Nxg7 13. Qh6 Nf5 14. Qf4 Ne6 15. Qd2 Qb6 16. d5 Nd8 17. e4 Ng7 18. Qh6 f6 19. b3 Nf7 20. Qd2 Rad8 21. Nd4 Qb4 22. f4 Qb6 23. Kh1 c5 24. Nc2 Qc7 25. Rf1 f5 26. Ne1 fxe4 27. Nxe4 Bf5 28. Qe3 Qd7 29. Nf2 Nh6 30. h3 Qc8 31. Nf3 Nh5 32. Ng5 Ng7 33. Be4 Qd7 34. Rac1 Bxe4+ 35. Qxe4 Qf5 36. Rce1 Qxe4+ 37. Rxe4 Nhf5 38. Kg2 Nd4 39. Rfe1 Rd7 40. Ng4 Rdd8 41. Nh6+ 1-0

[Event "Kuncice pod Onrejnikem op"]
[Site "Kuncice pod Onrejnikem"]
[Date "2006.02.17"]
[Round "4"]
[White "Pastorek, Jakub"]
[Black "Vyhnalek, Lukas"]
[Result "1/2-1/2"]
[WhiteElo "1522"]
[BlackElo "1509"]
[PlyCount "98"]
[EventDate "2006.02.16"]
[EventType "swiss"]
[EventRounds "7"]
[EventCountry "CZE"]
[SourceTitle "EXT 2008"]
[Source "ChessBase"]
[SourceDate "2007.11.25"]
[SourceVersion "1"]
[SourceVersionDate "2007.11.25"]
[SourceQuality "1"]

1. e4 e5 2. Nf3 Nf6 3. Nc3 Nc6 4. d4 exd4 5. Nxd4 Bb4 6. Nde2 Nxe4 7. Bd2 Nxc3 8. Nxc3 0-0 9. Be2 d6 10. 0-0 Bf5 11. a3 Bc5 12. Bf3 Ne5 13. Bc1 c6 14. Be4 Qf6 15. Qh5 Bxe4 16. Nxe4 Qg6 17. Qxg6 Nxg6 18. Nxc5 dxc5 19. Be3 c4 20. Rad1 Rad8 21. Bxa7 Rxd1 22. Rxd1 Re8 23. h3 f6 24. Rd7 Re2 25. Rxb7 Rxc2 26. Bd4 Ne5 27. a4 c5 28. Bc3 Rc1+ 29. Kh2 Ra1 30. a5 Nc6 31. Rc7 Nxa5 32. Rxc5 Nb3 33. Rxc4 Kf7 34. Bb4 Kg8 35. Rc8+ Kf7 36. Rf8+ Kg6 37. Rb8 Nd4 38. Bc3 Nc6 39. Rc8 Ne7 40. Rd8 Nc6 41. Rd6 Na7 42. Rd5 Nc6 43. b4 Rb1 44. Rc5 Na7 45. Rc4 Nb5 46. Bd4 Na3 47. Rc3 Nb5 48. Rg3+ Kf7 49. Bc5 Nc7 1/2-1/2

[Event "Kuncice pod Onrejnikem op"]
[Site "Kuncice pod Onrejnikem"]
[Date "2006.02.16"]
[Round "1"]
[White "Vyhnalek, Lukas"]
[Black "Rozarova, Katarina"]
[Result "0-1"]
[WhiteElo "1509"]
[BlackElo "1454"]
[PlyCount "88"]
[EventDate "2006.02.16"]
[EventType "swiss"]
[EventRounds "7"]
[EventCountry "CZE"]
[SourceTitle "EXT 2008"]
[Source "ChessBase"]
[SourceDate "2007.11.25"]
[SourceVersion "1"]
[SourceVersionDate "2007.11.25"]
[SourceQuality "1"]

1. e4 e5 2. Nf3 Nc6 3. Bc4 Nf6 4. Nc3 Nxe4 5. Nxe4 d5 6. Bd3 dxe4 7. Bxe4 Bc5 8. 0-0 0-0 9. c3 Bg4 10. h3 Bh5 11. Qc2 Bg6 12. Bxg6 fxg6 13. Qb3+ Kh8 14. Qxb7 Qd6 15. Qb5 Bb6 16. Qe2 Rae8 17. Re1 h6 18. d3 Qd5 19. Qe4 Rd8 20. Qxd5 Rxd5 21. Rd1 e4 22. Nh4 Bxf2+ 23. Kh2 Bxh4 24. Be3 exd3 25. Rf1 Rxf1 26. Rxf1 d2 27. Rd1 Be1 28. Kg1 Na5 29. b3 Rd3 30. Bd4 Nc6 31. Bf2 Bxf2+ 32. Kxf2 Ne5 33. c4 Kg8 34. Ke2 Kf7 35. Rxd2 Rxd2+ 36. Kxd2 Ke6 37. Kc3 Kf5 38. Kd4 Kf4 39. a4 a5 40. Kc3 c5 41. b4 cxb4+ 42. Kb3 Nxc4 43. Kxc4 Kg3 44. h4 Kxh4 0-1

[Event "Huty op"]
[Site "Huty"]
[Date "2005.06.22"]
[Round "3"]
[White "Mojzisek, Marek Jr"]
[Black "Vyhnalek, Lukas"]
[Result "1-0"]
[WhiteElo "1455"]
[BlackElo "1350"]
[PlyCount "113"]
[EventDate "2005.06.20"]
[EventType "swiss"]
[EventRounds "7"]
[EventCountry "SVK"]
[SourceTitle "EXT 2009"]
[Source "ChessBase"]
[SourceDate "2008.11.26"]
[SourceVersion "1"]
[SourceVersionDate "2008.11.26"]
[SourceQuality "1"]

1. e4 e5 2. Nf3 Nf6 3. Nxe5 d6 4. Nf3 Nxe4 5. d4 d5 6. Bd3 Bf5 7. 0-0 Bd6 8. Re1 0-0 9. c4 Nd7 10. c5 Be7 11. Bf4 c6 12. Qc2 Ndf6 13. Nbd2 Nxd2 14. Qxd2 Bxd3 15. Qxd3 Ne4 16. Nd2 Nxd2 17. Qxd2 Bf6 18. Bd6 Re8 19. Qb4 b5 20. Rad1 a5 21. Qd2 Bg5 22. Rxe8+ Qxe8 23. Qxg5 Qe2 24. Qd2 Qg4 25. Re1 a4 26. Qa5 Qc8 27. Qc7 Qxc7 28. Bxc7 Rc8 29. Re7 h6 30. Rd7 Kh7 31. Rxf7 Re8 32. Be5 Rg8 33. f4 b4 34. g4 Kg6 35. Rxg7+ Rxg7 36. Bxg7 Kxg7 37. g5 hxg5 38. fxg5 Kg6 39. h4 Kh5 40. Kg2 Kg6 41. Kg3 Kf5 42. Kf3 Kg6 43. Kg4 Kg7 44. h5 b3 45. h6+ Kh7 46. a3 Kg6 47. Kf4 Kh7 48. Kf5 Kg8 49. g6 Kf8 50. h7 Kg7 51. h8Q+ Kxh8 52. Kf6 Kg8 53. g7 Kh7 54. Kf7 Kh6 55. g8Q Kh5 56. Qg3 Kh6 57. Qg6# 1-0

[Event "SVK-ch U12"]
[Site "Liptovsky Mikulas"]
[Date "2005.04.15"]
[Round "8"]
[White "Vyhnalek, Lukas"]
[Black "Hros, Roman"]
[Result "1-0"]
[WhiteElo "1350"]
[BlackElo "1350"]
[PlyCount "103"]
[EventDate "2005.04.11"]
[EventType "swiss"]
[EventRounds "9"]
[EventCountry "SVK"]
[SourceTitle "EXT 2008"]
[Source "ChessBase"]
[SourceDate "2007.11.25"]
[SourceVersion "1"]
[SourceVersionDate "2007.11.25"]
[SourceQuality "1"]

1. e4 e5 2. Nf3 Nc6 3. Bc4 Nf6 4. Ng5 d5 5. exd5 Na5 6. Bb5+ c6 7. dxc6 bxc6 8. Be2 Bc5 9. a3 Nb7 10. b4 Bd6 11. Bc4 0-0 12. Nc3 Ng4 13. d4 exd4 14. Qxd4 Re8+ 15. Ne2 Re7 16. h3 Nf6 17. 0-0 Qc7 18. Bf4 h6 19. Rad1 Bxf4 20. Bxf7+ Rxf7 21. Nxf4 Rd7 22. Qc4+ Nd5 23. Nxd5 cxd5 24. Qd4 Qxc2 25. Ne6 Re7 26. Rc1 Qf5 27. Nf4 Re4 28. Nxd5 Kh8 29. Qd3 Be6 30. Ne7 Qg5 31. Qxe4 Qxe7 32. Rfe1 Re8 33. f4 Nd6 34. Qe2 Nc8 35. Rxc8 Bxc8 36. Qxe7 Rxe7 37. Rxe7 Kh7 38. Rxa7 Kg6 39. g4 h5 40. b5 hxg4 41. hxg4 Bxg4 42. b6 Bc8 43. b7 Bxb7 44. Rxb7 Kf5 45. a4 Kxf4 46. a5 g5 47. a6 g4 48. a7 Kf5 49. a8Q Kg5 50. Qf8 Kh4 51. Rg7 Kh5 52. Qh8# 1-0